Najväčšie problémy manažérov
Hlavné zásady, ktorými sa líšia úspešní manažéri od neúspešných, resp. "porazených". Rozpoznanie účinných a podstatných manažérskych filozofií od neúčinných a nepodstatných, schopnosť realizovať stratégiu firmy a implementovať zmeny, potreba komunikácie a podnikovej kultúry. Dobrý špecialista nemus...
Gespeichert in:
| 1. Verfasser: | |
|---|---|
| Format: | Buchkapitel |
| Sprache: | Slowakisch |
| Schlagworte: | |
| Tags: |
Keine Tags, Fügen Sie das erste Tag hinzu!
|
MARC
| LEADER | 00000naa$a2200000$$$4500 | ||
|---|---|---|---|
| 001 | 0020573 | ||
| 005 | 20230926070731.7 | ||
| 041 | 0 | |a slo | |
| 044 | |a SK | ||
| 245 | 1 | 0 | |a Najväčšie problémy manažérov |c Ján Poliak |
| 520 | |a Hlavné zásady, ktorými sa líšia úspešní manažéri od neúspešných, resp. "porazených". Rozpoznanie účinných a podstatných manažérskych filozofií od neúčinných a nepodstatných, schopnosť realizovať stratégiu firmy a implementovať zmeny, potreba komunikácie a podnikovej kultúry. Dobrý špecialista nemusí byť aj dobrým manažérom. Implementácia zmien a procesné riadenie. Orientácia na zákazníka. Transformácia súčasnej podnikovej kultúry na novú v súlade s požiadavkami na riadenie. Potreba vzdelávania vedúcich pracovníkov. | ||
| 610 | 2 | 0 | |a riadenie podnikové |
| 610 | 2 | 0 | |a manažment |
| 610 | 2 | 0 | |a manažéri |
| 610 | 2 | 0 | |a riadenie procesné |
| 610 | 2 | 0 | |a klienti |
| 610 | 2 | 0 | |a vzdelávanie |
| 100 | 1 | |a Poliak, Ján | |